عرض عادي عرض مارك
  • اللغويون العرب

مدخل مصطلح موضوعي

عدد التسجيلات المستخدمة في: 11

001 - رقم الضبط

  • حقل الضبط: 32

003 - معرف رقم الضبط

  • حقل الضبط: OSt

005 - تاريخ ووقت أخر عملية

  • حقل الضبط: 20110530044022.0

008 - عناصر بيانات ثابتة الطول

  • حقل تحكم ثابت الطول: 110530|||a|||||| | ||| d

040 ## - مصدر الفهرسة

  • هيئة الفهرسة الأصلية: OSt
  • وكالة الكتابة: OSt

150 ## - مدخل-- مصطلح تاريخي

  • عنصر مدخل المصطلح الموضوعي او الاسم الجغرافي: اللغويون العرب
  • تفريع شكلي: تراجم

670 ## - بيانات المصدر موجوده

  • الاستشهاد بالمصدر: Work cat.: (OSt): الجلال السيوطي، عبد الرحمن بن أبي بكر بن محمد، 849-911 هـ. 31, بغية الوعاة في طبقات اللغويين والنحاة /, 1427= 2006